Statistics for Daylight lyrics

Click here to take the quiz!

General Stats

  • This quiz has been taken 172 times
  • The average score is 363 of 426

Answer Stats

Lyrics% Correct
a
100%
(I
100%
I
100%
I,
100%
(In
98%
in
98%
the
98%
love
97%
you
97%
you,
97%
You
97%
be
95%
go
95%
go,
95%
it
94%
my
94%
My
94%
of,
94%
of
94%
daylight
93%
daylight,
93%
see
93%
that
93%
at
90%
But
90%
but
90%
don't
90%
me
90%
was
90%
and
89%
And
89%
(Now
89%
now
89%
now,
89%
all
88%
All
88%
by
88%
it's
88%
It's
88%
saw
88%
wanna
88%
as
87%
look
87%
night
87%
so
87%
think
87%
can
86%
never
86%
Like
85%
like
85%
else
84%
only
84%
your
84%
anything
83%
been
83%
I've
83%
every
82%
good
82%
head)
82%
Not
82%
not
82%
(Things
82%
things
82%
are
81%
cruel
81%
dark
81%
golden
81%
golden,
81%
lived
81%
thought
81%
to
81%
mind)
80%
would
80%
year
80%
light
79%
still
79%
20
78%
away)
78%
I'm
78%
long
78%
(black
77%
cities
77%
red)
77%
white)
77%
believed
76%
I'll
76%
once
76%
There
76%
(burning
74%
many
74%
same)
74%
tell
74%
Everyone
73%
(Singing
73%
what
73%
will
73%
from
72%
goodbye
72%
hate,
72%
Just
72%
just
72%
looked
72%
sleeping
72%
let
71%
this
71%
Back
70%
New
70%
truth,
70%
worse
69%
afraid
67%
became
67%
bed)
67%
down
67%
York
67%
forth
66%
lines
66%
middle
66%
joke
65%
Maybe
65%
into
64%
out
64%
brighter
63%
crossed
63%
trusted
63%
unforgiven
63%
settle
62%
defined
61%
town
61%
with
61%
breathed
60%
(intertwined)
60%
room
60%
haunt
59%
ran
59%
smoke
59%
unlucky
59%
wicked
59%
air,
57%
awake)
57%
wolves
57%
single
56%
wide
56%
because
55%
butt
55%
draw
55%
step
55%
Luck
53%
refused
53%
Clearing
52%
draws
52%
our
52%
stormed
51%
gotta
49%
wounded
48%
daggers
47%
cloaks
40%
Threw
40%
morning
32%

Score Distribution

Percentile by Number Answered

Percent of People with Each Score

Your Score History

You have not taken this quiz